FC 24 UCL Heroes - Statistics

General Stats
  • This quiz has been taken 19 times
    16 since last reset
  • The average score is 7 of 24
Answer Stats
rat pos club player % Correct
UCL Heroes 91 CAM Serie A Wesley Sneijder
57%
UCL Heroes 90 LWB Bundesliga Bixente Lizarazu
43%
UCL Heroes 91 ST Serie A Gianluca Vialli
43%
UCL Heroes 88 GK Premier League Jerzy Dudek
43%
UCL Heroes 89 LW Liga Portugal Paulo Futre
43%
UCL Heroes 89 CB Premier League Vincent Kompany
43%
UCL Heroes 87 CDM Premier League Ramires
36%
UCL Heroes 89 LB Division 1 Sonia Bompastor
36%
UCL Heroes 89 RM LaLiga Steve McManaman
36%
UCL Heroes 88 RB Women's Super League Alex Scott
29%
UCL Heroes 90 ST Premier League Carlos Tevez
29%
UCL Heroes 86 LM Eredivisie DaMarcus Beasley
29%
UCL Heroes 90 ST Serie A Diego Milito
29%
UCL Heroes 87 LB Premier League John Arne Riise
29%
UCL Heroes 87 CAM Bundesliga Lars Ricken
29%
UCL Heroes 88 ST Bundesliga Dimitar Berbatov
21%
UCL Heroes 90 CM Frauen-Bundesliga Nadine Keßler
21%
UCL Heroes 87 CF Eredivisie Nwankwo Kanu
21%
UCL Heroes 88 ST Premier League Ole Gunnar Solskjær
21%
UCL Heroes 90 CAM Ligue 1 Abedi Pelé
14%
UCL Heroes 88 RM LaLiga Ludovic Giuly
14%
UCL Heroes 89 CAM Serie A Rui Costa
14%
UCL Heroes 88 CAM Bundesliga Tomáš Rosický
14%
UCL Heroes 89 CAM Eredivisie Jari Litmanen
7%
No matching quizzes found
Score Distribution
Percent of People with Each Score
Percentile by Number Answered
Your Score History
You have not taken this quiz since the last reset